| 000 | 00774cam a2200193 4500 | ||
|---|---|---|---|
| 001 | WB3801-04 | ||
| 008 | 020108n2002 000 0 eng u | ||
| 035 | _a(Sirsi) u116175 | ||
| 245 | _aFeedback on Respect KPIs | ||
| 260 | _c2002 | ||
| 490 |
_aContract Journal _v411(6358) 19 December 2001, 4(1) |
||
| 520 | _aPilot projects of the Respect for People key performance indicators (KPIs) indicate that they have played a significant part in helping companies improve relationships with employees. The pilot projects have trialled the 12 KPIs since July 2001, with a view to their general release in 2002. | ||
| 590 | _aWB | ||
| 650 | _aKEY PERFORMANCE INDICATORS | ||
| 650 | _aPILOT PROJECT | ||
| 650 | _aRELATIONSHIPS | ||
| 690 | _aBUILT ENVIRONMENT | ||
| 942 | _n0 | ||
| 999 |
_c69202 _d69202 |
||